Countries With Most Amount Of Aircraft Carriers In Service - Statistics

General Stats
  • This quiz has been taken 33 times
  • The average score is 7 of 8
Answer Stats
No in service Answer % Correct
10 USA
100%
1 Russia
97%
1 France
90%
2 China
86%
1 India
86%
2 Italy
86%
1 Spain
76%
1 Thailand
45%
No matching quizzes found
Score Distribution
Percent of People with Each Score
Percentile by Number Answered
Your Score History
You have not taken this quiz